Elementary principles of carpentry / (Record no. 549084)
[ view plain ]
| 000 -LEADER | |
|---|---|
| fixed length control field | 00565nam a2200193 a 4500 |
| 082 ## - DEWEY DECIMAL CLASSIFICATION NUMBER | |
| Classification number | 694 |
| Author Mark | ELE |
| -- | L-24, P-6 |
| 100 1# - MAIN ENTRY--PERSONAL NAME | |
| Personal name | Tredgold, Thomas, |
| 9 (RLIN) | 45602 |
| 245 10 - TITLE STATEMENT | |
| Title | Elementary principles of carpentry / |
| Statement of responsibility, etc. | by Thomas Tredgold. |
| 250 ## - EDITION STATEMENT | |
| Edition statement | 5th ed., corr. and enl. |
| 260 ## - PUBLICATION, DISTRIBUTION, ETC. | |
| Place of publication, distribution, etc. | London: |
| Name of publisher, distributor, etc. | Lockwood & Co., |
| Date of publication, distribution, etc. | 1946 |
| 300 ## - PHYSICAL DESCRIPTION | |
| Extent | 312 p. |
| Other physical details | ill. ; |
| Dimensions | 30 cm. |
| 500 ## - GENERAL NOTE | |
| General note | Includes index. |
| 526 ## - STUDY PROGRAM INFORMATION NOTE | |
| Program name | 0 |
| Interest level | 0 |
| Reading level | 0 |
| Title point value | 694_000000000000000_ELE |
| 650 #0 - SUBJECT ADDED ENTRY--TOPICAL TERM | |
| Topical term or geographic name entry element | Carpentry. |
| 650 #0 - SUBJECT ADDED ENTRY--TOPICAL TERM | |
| Topical term or geographic name entry element | Roofs. |
| 9 (RLIN) | 42299 |
| 650 #0 - SUBJECT ADDED ENTRY--TOPICAL TERM | |
| Topical term or geographic name entry element | Timber. |
| 9 (RLIN) | 43280 |
| 700 1# - ADDED ENTRY--PERSONAL NAME | |
| Personal name | Barlow, Peter, |
| 9 (RLIN) | 45603 |
| 942 ## - ADDED ENTRY ELEMENTS (KOHA) | |
| Source of classification or shelving scheme | |
| Koha item type | Book |
| Withdrawn status | Lost status | Source of classification or shelving scheme | Damaged status | Not for loan | Permanent Location | Current Location | Date acquired | Total Checkouts | Full call number | Barcode | Date last seen | Price effective from | Koha item type |
|---|---|---|---|---|---|---|---|---|---|---|---|---|---|
| Military College of Engineering (MCE) | Military College of Engineering (MCE) | 09/16/2014 | 694 ELE | MCE-40678 | 09/16/2014 | 09/16/2014 | Book |
